Clubs récompensés par le Ballon d'Or depuis 1956 - Statistiques

Statistiques générales
  • Ce quiz a été pris 138 fois
  • Le résultat moyen est 21 sur 43
Statistiques - réponses
Club # 1er # 2e # 3e Dernier titre % Correct
Real Madrid 12 11 6 2024
100%
AC Milan 8 3 6 2007
99%
FC Barcelone 12 13 10 2025
99%
Juventus Turin 8 6 4 2019
98%
Paris Saint-Germain 2 0 3 2025
98%
Bayern Munich 5 8 7 2022
97%
Inter Milan 2 6 3 1998
97%
Borussia Dortmund 1 0 0 1996
94%
Manchester City 1 1 1 2024
94%
Manchester United 4 4 3 2008
94%
Olympique de Marseille 1 0 0 1991
90%
Liverpool FC 1 2 2 2019
87%
Benfica Lisbonne 1 2 0 1966
80%
Ajax Amsterdam 1 0 3 1995
79%
Arsenal 0 1 1 2006
79%
Chelsea 0 1 1 2021
77%
Atlético Madrid 0 1 2 2018
55%
Girondins de Bordeaux 0 2 0 1984
55%
Dynamo Kiev 2 0 0 1986
53%
Hambourg SV 2 1 1 1979
52%
Inter Miami 1 0 0 2023
50%
Tottenham Hotspur 0 0 1 1963
47%
Stade de Reims 0 1 1 1959
45%
Étoile Rouge de Belgrade 0 2 1 1991
42%
RSC Anderlecht 0 1 1 1978
35%
Newcastle United 0 0 1 1996
26%
AS Saint-Étienne 0 0 1 1980
25%
West Ham United 0 1 0 1970
21%
1. FC Cologne 0 0 1 1962
20%
Borussia Mönchengladbach 1 1 0 1977
19%
Ferencváros 1 0 0 1967
18%
Celtic 0 0 1 1967
17%
Dynamo Moscou 1 0 0 1963
16%
AS Nancy-Lorraine 0 0 1 1977
15%
Legia Varsovie 0 0 1 1974
13%
Fulham 0 0 1 1961
9%
Blackpool FC 1 0 0 1956
8%
Cagliari Calcio 0 1 1 1970
8%
Wolverhampton Wanderers 0 1 0 1957
7%
Hellas Verona 0 1 1 1985
6%
Dukla Prague 1 0 1 1976
3%
Rot-Weiss Essen 0 1 0 1958
3%
Vejle BK 0 0 1 1983
2%
Aucun quiz correspondant
Distribution des résultats
% des personnes avec chaque résultat
Percentile par nombre de réponses
Votre historique - résultats
Vous n’avez pas pris ce quiz